Länder nach Weltreligionen - Statistiken

Allgemein
  • Dieses Quiz wurde 232 mal gespielt
  • Das Durchschnittsergebnis liegt bei 14 aus 24
Antwortstatistiken
Religion Anzahl Prozent Land % Korrekt
Buddhisten 1. 244.130.000 (18,2) China
93%
3. 172.000.000 (14,4) Indien
93%
Hindus 1. 957.636.314 (79,5) Indien
93%
(957.636.314) 2. 79,5 Indien
93%
Christen 1. 229.157.250 (78,3) Vereinigte Staaten
91%
2. 169.213.130 (88,9) Brasilien
82%
Muslime 1. 206.986.560 (87,2) Indonesien
78%
3. 114.198.444 (73,3) Russland
78%
3. 45.820.000 (36,2) Japan
76%
2. 180.608.292 (96,4) Pakistan
73%
(10.500.000/74.000.000) 3. 99,5 Tunesien/Iran
72%
2. 64.420.000 (93,2) Thailand
62%
(64.420.000) 2. 93,3 Thailand
62%
3. 14.274.430 (9,1) Bangladesch
57%
2. 21.354.570 (80,7) Nepal
53%
(21.354.570) 1. 80,7 Nepal
53%
(600) 1. 100 Vatikanstadt
49%
(40.000.000) 3. 80,1 Myanmar
48%
(28.000.000) 2. 99,7 Afghanistan
43%
(14.000.000) 1. 96,9 Kambodscha
36%
(12.000.000) 1. 99,8 Somalia
13%
(1.000.000) 2. 99,6 Osttimor
10%
(21.000.000) 3. 99,5 Rumänien
6%
(700.000) 3. 56,4 Mauritius
4%
Keine übereinstimmenden Quizze gefunden
Verteilung der Resultate
Anzahl Personen mit jedem Resultat
Perzentil nach korrekt beantworteten Fragen
Ihre Resultats-Entwicklung
Sie haben dieses Quiz noch nicht gespielt